| 000 | 02298cam a22004694i 4500 | ||
|---|---|---|---|
| 003 | PE-LiUPU | ||
| 005 | 20250731172755.0 | ||
| 008 | 150617s1969 sp rb 000 0 spa d | ||
| 035 | _a(Sirsi) a12743 | ||
| 040 |
_aPE-LiUPU _bspa _cPE-LiUPU _erda |
||
| 049 | _aPRUA | ||
| 082 | 0 | 4 |
_a230.8 _bC/15 _221 |
| 100 | 1 |
_aLeón-Dufour, Xavier, _eautor. |
|
| 245 | 1 | 0 |
_aEstudios de evangelio / _cXavier León-Dufour. |
| 264 | 1 |
_aBarcelona : _bEditorial Estela, _c1969. |
|
| 300 |
_a404 páginas ; _c21 centímetros. |
||
| 336 |
_atext _2rdacontent |
||
| 337 |
_aunmediated _2rdamedia |
||
| 338 |
_avolume _2rdacarrier |
||
| 490 | 0 |
_aColección theologia ; _v15 |
|
| 504 | _aIncluye bibliografía. | ||
| 505 | 0 | _aFactores que condicionan al exegeta -- Hipótesis científica -- de una exégesis teológica. Libro de Génesis de Jesucristo: Género literario de las genealogías -- Jesús en el fin de la historia sagrada -- Jesucristo fin de la historia sagrada. El anuncio de José. La transfiguración de Jesús: Contexto del episodio -- La secuencia de los anuncios pasión-resurrección -- Núcleo del relato -- Elementos del relato -- Perspectivas sobre el suceso. La curación de la suegra de Simón Pedro: Sentido bíblico de las curaciones milagrosas -- En loos orígenes de los relatos sinópticos -- El acontecimiento y la fe. La tempestad sosegada -- Análisis literario -- Bosquejo de una historia de la tradición. El episodio del niño epileptico. Exámenes de las resenciones: El relato según San. | |
| 526 | _aSEG42 | ||
| 526 | _aSEG41 | ||
| 526 | _aSEG40 | ||
| 526 | _aSEG39 | ||
| 526 | _aP94 | ||
| 526 | _aP87 | ||
| 526 | _aP86 | ||
| 526 | _aP85 | ||
| 526 | _aP77 | ||
| 526 | _aP76 | ||
| 526 | _aP35 | ||
| 630 |
_aBiblia _pN.T. _pEvangelios _xComentarios. |
||
| 910 |
_ajck _bjvq _cjck _d20150616 |
||
| 942 |
_2ddc _cBOOK |
||
| 949 |
_a230.8 C/15 _wDEWEY _c1 _i14183 _lCCODEBUL1 _mBUL _p00.00 _r0 _sY _tBOOK _u19751029 _xTEOLOGIA _PP35 _0COMPRA _o.STAFF. Colección general |
||
| 994 |
_aC0 _bPEPRU |
||
| 596 | _a1 | ||
| 999 |
_a230.8 C/15 _wDEWEY _c3035 _i14183 _d3035 _f2021-11-11 _g5 _lCCODEBUL1 _mBUL _p10.00 _q1 _r0 _sY _tBOOK _u2015-6-17 _xTEOLOGIA _PP35 _0COMPRA _o.STAFF. Colección Teología |
||
| 980 |
_81 _gALBERTO SANCHEZ Responsable de Automatización |
||